Mariano Marcos State University

University Library System

The concise dictionary of education / (Record no. 28607)

MARC details
000 -LEADER
fixed length control field 00496nam a22001697a 4500
005 - DATE AND TIME OF LATEST TRANSACTION
control field 20260109132840.0
008 - FIXED-LENGTH DATA ELEMENTS--GENERAL INFORMATION
fixed length control field 260109b |||||||| |||| 00| 0 eng d
020 ## - INTERNATIONAL STANDARD BOOK NUMBER
International Standard Book Number 0442262981
040 ## - CATALOGING SOURCE
Original cataloging agency MMSU
Transcribing agency ULS
050 ## - LIBRARY OF CONGRESS CALL NUMBER
Classification number LB 15 H3848 1982 REF
100 ## - MAIN ENTRY--PERSONAL NAME
Personal name Hawes, Gene R.
245 ## - TITLE STATEMENT
Title The concise dictionary of education /
Statement of responsibility, etc. Gene R. Hawes
260 ## - PUBLICATION, DISTRIBUTION, ETC.
Place of publication, distribution, etc. New York :
Name of publisher, distributor, etc. Van Nostrand Reinhold Company ,
Date of publication, distribution, etc. 1982
300 ## - PHYSICAL DESCRIPTION
Extent vi, 249 pages :
Dimensions 22 cm.
650 ## - SUBJECT ADDED ENTRY--TOPICAL TERM
Topical term or geographic name entry element Education-dictionaries
942 ## - ADDED ENTRY ELEMENTS (KOHA)
Source of classification or shelving scheme
Koha item type Books
Holdings
Withdrawn status Lost status Source of classification or shelving scheme Damaged status Not for loan Home library Current library Shelving location Date acquired Inventory number Total Checkouts Full call number Barcode Date last seen Price effective from Koha item type
          MMSU Main Library MMSU Main Library Reference Collection 01/09/2026 84-1053   LB 15 H3848 1982 REF 12102 01/09/2026 01/09/2026 Books

© 2023 Mariano Marcos State University. All Rights Reserved.

Powered by Koha